00543nam a2200193 a 4500001001300000003000900013005001700022008004100039020001000080082001600090100002200106245006500128260004900193300000800242500003500250505002400285650001800309700002200327nice12345678IN_TiNIC20260116011718.0050524s1980 bana grp 000 0 eng  ac10000a270.82bNEL aNellithanam, Susy aRipplesb Story of the Ecumenical Christian Centre 1960-1980 aBangalorebEcumenical Christian Centrec1980 a90p aincludes index and biblioraphy2 aBibliography, Index aEcumenicalism1 aNellithanam, Susy